000
003140000a22001450004500
003
MACL
040
_a
MACL
090
_c
6927
_d
6926
100
_a
Mathur, J.S.
245
_a
Non-Violence and Social Change
260
_b
Navajivan Publishing House
_c
1977
350
_a
12
650
_a
Sociology
942
_c
BOOK
_k
300
999
_c
6879
_d
6879